[Event "FSIMB April"]
[Site "Budapest HUN"]
[Date "2000.04.11"]
[Round "11"]
[White "Szeberenyi,A"]
[Black "Rajlich,V"]
[Result "1-0"]
[WhiteElo "2257"]
[BlackElo "2309"]

1.d4 Nf6 2.c4 g6 3.Nc3 Bg7 4.e4 d6 5.Be2 O-O 6.Nf3 e5 7.O-O Nc6 8.d5 Ne7
9.b4 Nh5 10.Re1 Nf4 11.Bf1 a5 12.bxa5 Rxa5 13.Nd2 c5 14.a4 Ra6 15.Ra3 g5
16.g3 Nh3+ 17.Bxh3 Bxh3 18.Qh5 Qd7 19.Qxg5 f6 20.Qe3 f5 21.Qe2 f4 22.f3 h5
23.Kh1 Bh6 24.Rg1 Kh7 25.Nd1 Rxa4 26.Nf2 Rxa3 27.Bxa3 fxg3 28.Rxg3 Qa4 29.Nxh3 Qxa3
30.f4 Qa8 31.Qxh5 Rf6 32.Ng5+ Kh8 33.Nf7+ Rxf7 34.Qxh6+  1-0

[Event "XVIII Open"]
[Site "Metz FRA"]
[Date "2000.04.18"]
[Round "4"]
[White "Handke,F"]
[Black "Shchekachev,A"]
[Result "1-0"]
[WhiteElo "2413"]
[BlackElo "2509"]

1.d4 Nf6 2.c4 g6 3.Nc3 Bg7 4.e4 d6 5.Be2 O-O 6.Nf3 e5 7.O-O Nc6 8.d5 Ne7
9.b4 Nh5 10.Re1 a5 11.bxa5 Rxa5 12.a4 f5 13.Nd2 Nf6 14.Ba3 b6 15.Bd3 Ra8
16.Nb5 Ne8 17.Bb4 c6 18.dxc6 Nxc6 19.Bc3 Be6 20.Qe2 Kh8 21.Ra3 Nf6 22.exf5 gxf5
23.f4 Re8 24.c5 e4 25.Nxd6 exd3 26.Qxd3 Qc7 27.Nxe8 Rxe8 28.Qd6 Qxd6 29.cxd6 Kg8
30.Nf3 Na5 31.Bxf6 Bxf6 32.Rd3 Kf7 33.d7 Rd8 34.Rd6 Bxd7 35.Ne5+ Bxe5 36.fxe5 Ke7
37.Rxb6 Be6 38.Rb5 Ra8 39.Rc1 Ra7 40.Rcc5 Nc4 41.a5 Bd7 42.Rb4 Be6 43.Kf2 Nd2
44.Ke3 Nb3 45.Rc3 Nxa5 46.Kf4 Rd7 47.Rh3 Bg8 48.Rh6 Nb7 49.Kxf5 Nd8 50.Ra4 Nf7
51.Re6+ Kf8 52.Kf6 Rd8 53.Rea6 Re8 54.Ra8 Nd8 55.Rd4 Nc6 56.Rxe8+ Kxe8 57.Rg4 Ne7
58.e6 Nd5+ 59.Ke5 Ne7 60.Ra4 Nc6+ 61.Kf6  1-0

[Event "Redbus KO"]
[Site "Southend ENG"]
[Date "2000.04.23"]
[Round "3.2"]
[White "Lalic,B"]
[Black "Hebden,M"]
[Result "1/2-1/2"]
[WhiteElo "2548"]
[BlackElo "2493"]

1.d4 Nf6 2.c4 g6 3.Nc3 Bg7 4.e4 O-O 5.Nf3 d6 6.Be2 e5 7.O-O Nc6 8.d5 Ne7
9.Bg5 Kh8 10.Nd2 c5 11.dxc6 bxc6 12.b4 h6 13.Bh4 g5 14.Bg3 Ng6 15.b5 d5 16.cxd5 cxd5
17.exd5 Bb7 18.Bd3 Rc8 19.Rc1 Nxd5 20.Nxd5 Rxc1 21.Qxc1 Qxd5 22.Be4 Qxb5
23.Bxg6 fxg6 24.Qc4 Qxc4 25.Nxc4 Ba6 26.Nxe5 Bxf1 27.Nxg6+ Kg8 28.Nxf8 Bc4
29.Ng6 Bxa2 30.Ne7+ Kf7 31.Nc6 a6 32.f4 Ke6 33.fxg5 hxg5 34.Be1 Bc4 35.g4 Bf6
36.Bd2 Kd5 37.Na5 Ba2 38.Kg2 Ke4 39.h4 gxh4 40.g5 Be5 41.Be1 Kf5 42.Kh3 Kxg5
43.Bxh4+ Kh5 44.Bg3 Be6+ 45.Kg2 Bc3 46.Bc7 Kg4 47.Kf2 Bd5 48.Ke3 Kf5 49.Kd3 Bf6
50.Nc4 Be4+ 51.Ke3 Bc6 52.Nd6+ Ke6 53.Ne4 Be7 54.Kd4 Kd7 55.Ba5 Ba8 56.Nc5+ Kc6
57.Nxa6 Bb7 58.Nc7 Bf6+ 59.Kd3 Bc8 60.Bc3 Bf5+ 61.Kc4 Bd8 62.Kb3 Bxc7 63.Kb2 Kb5
64.Bg7 Bd6 65.Ka1 Be5+  1/2-1/2

[Event "Open"]
[Site "Dubai UAE"]
[Date "2000.04.29"]
[Round "2"]
[White "Ali Saif,A"]
[Black "Timoshenko,G"]
[Result "0-1"]
[WhiteElo "2160"]
[BlackElo "2584"]

1.d4 Nf6 2.Nf3 g6 3.c4 Bg7 4.Nc3 O-O 5.e4 d6 6.Be2 e5 7.O-O Nc6 8.d5 Ne7
9.Ne1 Nd7 10.Be3 f5 11.f3 f4 12.Bf2 g5 13.Nd3 Nf6 14.c5 Rf7 15.Rc1 Ng6 16.cxd6 cxd6
17.Nb5 g4 18.Qb3 g3 19.hxg3 fxg3 20.Bxg3 Nh5 21.Bh2 Bh6 22.Rc2 a6 23.Nc3 Be3+
24.Nf2 Ngf4 25.Nd1 Bd4 26.Ne3 Qg5 27.Neg4 Bxg4 28.fxg4 Nxe2+ 29.Rxe2 Qxg4
30.Re3 Raf8  0-1

[Event "Open"]
[Site "Dubai UAE"]
[Date "2000.05.01"]
[Round "4"]
[White "Lputian,S"]
[Black "Gadjily,R"]
[Result "0-1"]
[WhiteElo "2605"]
[BlackElo "2443"]

1.d4 g6 2.c4 Bg7 3.Nc3 d6 4.Nf3 Nf6 5.e4 O-O 6.Be2 e5 7.O-O Nc6 8.d5 Ne7
9.Nd2 Nd7 10.b4 f5 11.c5 Nf6 12.f3 f4 13.Nc4 g5 14.Ba3 Ng6 15.b5 dxc5 16.Bxc5 Rf7
17.a4 h5 18.a5 g4 19.Bf2 Bf8 20.Qd2 g3 21.hxg3 Rg7 22.Nxe5 fxg3 23.Bxg3 Bc5+
24.Rf2 h4 25.Bh2 h3 26.Nd3 Bxf2+ 27.Nxf2 hxg2 28.e5 Nh5 29.Ra4 Bf5 30.Ng4 Bxg4
31.fxg4 Qh4 32.Nd1 Nxe5 33.Ne3 Rf8 34.Bd1 Nf4 35.Rxf4 Rxf4 36.Nxg2 Rf1+ 37.Kxf1 Qxh2  0-1

[Event "Open"]
[Site "Dubai UAE"]
[Date "2000.05.04"]
[Round "6"]
[White "Gokhale,C"]
[Black "Al Sayed,Mohamad"]
[Result "1-0"]
[WhiteElo "2378"]
[BlackElo "2270"]

1.d4 Nf6 2.c4 g6 3.Nc3 Bg7 4.e4 d6 5.Nf3 O-O 6.Be2 e5 7.O-O Nc6 8.d5 Ne7
9.b4 a5 10.bxa5 Rxa5 11.a4 c5 12.Nd2 Ne8 13.Nb3 Ra6 14.a5 f5 15.Bf3 h6 16.Re1 Nf6
17.Rb1 g5 18.exf5 Nxf5 19.Ne4 Nh4 20.Bh5 g4 21.Ng3 Nxh5 22.Nxh5 Qe8 23.Nxg7 Kxg7
24.Rb2 Qh5 25.Nd2 Nf3+ 26.gxf3 gxf3 27.Kh1 Bh3 28.Nxf3 Bg4 29.Rg1 Kh8 30.Rxg4 Qxg4
31.Rb3 Rxa5 32.Qd2 Ra1 33.Qxh6+ Kg8 34.Ne1 Qe4+ 35.Ng2 Rf4 36.Qe6+ Kf8 37.Qxd6+ Kg8
38.Qd8+ Kg7 39.Qe7+ Rf7 40.Rg3+  1-0

[Event "Ivan Cvitanovic Mem"]
[Site "Split CRO"]
[Date "2000.05.04"]
[Round "6"]
[White "Farago,I"]
[Black "Armanda,I"]
[Result "1-0"]
[WhiteElo "2467"]
[BlackElo "2308"]

1.d4 Nf6 2.c4 g6 3.Nc3 Bg7 4.e4 d6 5.Be2 O-O 6.Nf3 e5 7.O-O Nc6 8.d5 Ne7
9.b4 Nh5 10.Re1 Nf4 11.Bf1 a5 12.bxa5 Rxa5 13.a4 Kh8 14.Nb5 Bg4 15.h3 Bc8
16.Ra3 f6 17.Bxf4 exf4 18.Qd2 Ra6 19.Qxf4 g5 20.Qd2 Bd7 21.c5 Qb8 22.Qb4 Ng6
23.Nxd6 cxd6 24.c6 Rxc6 25.dxc6 Bxc6 26.Bb5 Qe8 27.Bxc6 Qxc6 28.Nd4 Qc5 29.Qxc5 dxc5
30.Ne6 Re8 31.Nxg7 Kxg7 32.Rb3 Re7 33.Reb1 Kh6 34.Rxb7 Rxe4 35.Ra1 c4 36.a5 c3
37.Rc7 Nf4 38.a6 Re8 39.a7 Ra8 40.Kf1  1-0

[Event "3rd Open"]
[Site "Tanta City EGY"]
[Date "2000.05.04"]
[Round "2"]
[White "Crawley,G"]
[Black "Hassan,Say"]
[Result "0-1"]
[WhiteElo "2400"]
[BlackElo "2397"]

1.d4 Nf6 2.Nf3 g6 3.c4 Bg7 4.Nc3 O-O 5.e4 d6 6.Be2 e5 7.O-O Nc6 8.d5 Ne7
9.Ne1 Nd7 10.Be3 f5 11.f3 f4 12.Bf2 g5 13.a4 Nf6 14.c5 h5 15.cxd6 cxd6 16.a5 g4
17.Nb5 g3 18.Bxa7 Ng6 19.Bb6 Qe7 20.Nc7 Nd7 21.Ne6 Nxb6 22.axb6 Rxa1 23.Qxa1 Bxe6
24.dxe6 Qxe6 25.Qa7 Qb3 26.Nd3 Bf6 27.Qxb7 Bd8 28.Kh1 Qxb6 29.Qd5+ Kg7 30.Bd1 Qd4
31.Qxd4 exd4 32.hxg3 fxg3 33.Be2 Bg5 34.b4 Be3 35.b5 Nf4 36.Re1 Nxd3 37.Bxd3 Rf4
38.Rxe3 dxe3 39.Kg1 d5 40.Kf1 d4 41.e5 Rf8 42.Ke2 Ra8 43.f4 Ra2+ 44.Kf3 Rf2+
45.Kxg3 h4+  0-1

[Event "Open"]
[Site "Dubai UAE"]
[Date "2000.05.05"]
[Round "7"]
[White "Shariyazdanov,A"]
[Black "Mamedov,N"]
[Result "1-0"]
[WhiteElo "2612"]
[BlackElo "2341"]

1.d4 Nf6 2.c4 g6 3.Nc3 Bg7 4.e4 O-O 5.Be2 d6 6.Nf3 e5 7.O-O Nc6 8.d5 Ne7
9.Ne1 Nd7 10.Nd3 f5 11.Bd2 Nf6 12.f3 f4 13.c5 g5 14.Rc1 Ng6 15.cxd6 cxd6
16.Nf2 a6 17.a4 h5 18.b4 b6 19.h3 Nh4 20.Nb1 Bd7 21.Na3 Qe8 22.b5 Qg6 23.Be1 axb5
24.Nxb5 Ne8 25.Rc6 Bxc6 26.dxc6 Rc8 27.Bc4+ Kh7 28.Bd5 Nf6 29.c7 Ne8 30.Bb7 Rxc7
31.Nxc7 Nxc7 32.Nd3 Ne6 33.Qb1 Bf6 34.Bxh4 gxh4 35.Qxb6 Rg8 36.Qf2 Bd8 37.Rb1 Nd4
38.Bd5 Rg7 39.Kh1 Ba5 40.Rb7 Bc7 41.Ra7 Bb6 42.Rxg7+ Kxg7 43.Qxh4 Ne2 44.Qe7+ Kh6
45.g4 fxg3 46.Kg2 Nd4 47.Bf7 Qg5 48.Qxg5+ Kxg5 49.Kxg3 h4+ 50.Kf2 Nb5+ 51.Kg2 Nc3
52.Bb3 Ne2 53.Kf1 Nc3 54.Ke1 Ba5 55.Kf2 Bb6+ 56.Kf1 Bc7 57.Kg2 Bd8 58.Nb4 Bc7
59.Nc6 Ne2 60.Bc4 Nd4 61.Ne7 Bb6 62.Nd5 Ba5 63.Kf2 Bd2 64.Bb5 Bc1 65.Be8 Bd2
66.Bd7 Bc1 67.a5 Ba3 68.a6 Bc5 69.Kg2 Ne2 70.Kf1 Nd4 71.Bg4 Kg6 72.Ke1 Kf7
73.Kd2 Ke8 74.Kd3 Kd8 75.Kc4 Nc6 76.Bf5 Nd4 77.f4 exf4 78.Nxf4 Kc7 79.Ng6 Kb6
80.Nxh4 Kxa6 81.Ng6 Kb6 82.Kd5 Kc7 83.h4 Ne2 84.e5 Ng3 85.Bd3 Nh5 86.Be2 Ng7
87.e6 Nf5 88.e7 Ng7 89.Bb5 Bf2 90.Ke4 Kb6 91.Ba4 Be3 92.Nf8  1-0

[Event "Israeli League"]
[Site "Ramat Aviv ISR"]
[Date "2000.05.05"]
[Round "10"]
[White "Manor,I"]
[Black "Rechlis,G"]
[Result "1/2-1/2"]
[WhiteElo "2504"]
[BlackElo "2507"]

1.d4 Nf6 2.c4 g6 3.Nc3 Bg7 4.e4 O-O 5.Nf3 d6 6.Be2 e5 7.O-O Nc6 8.d5 Ne7
9.b4 Nh5 10.Re1 Nf4 11.Bf1 h6 12.Nd2 c6 13.Bb2 h5 14.dxc6 Nxc6 15.b5 Nd4
16.Nd5 Bg4 17.f3 Nxd5 18.fxg4 Nf6 19.gxh5 Nxh5 20.Nb3 Nf4 21.Nxd4 Qb6 22.Kh1 exd4
23.Qd2 Ne6 24.g3 Rac8 25.Rac1 Rc5 26.Bh3 Ng5 27.Bg2 Rfc8 28.e5 Ne6 29.exd6 Rxc4
30.Rxc4 Rxc4 31.Bd5 Qxb5 32.Bxc4 Qxc4 33.Qg2 Qb4 34.Rf1 Nd8 35.Rd1 Qxd6 36.Qe4 Qd7
37.Re1 Ne6 38.Rd1 Qa4 39.Rf1 Qb5 40.Qf3 Ng5 41.Qg2 a5 42.Rc1 Be5 43.Rc8+ Kg7
44.Bc1 Ne4 45.Kg1 Nc3 46.Qh3 Kf6 47.Qh8+ Ke6 48.Re8+ Kf5 49.Qh3+ Ke4 50.Qg2+ Kd3
51.Qd2+  1/2-1/2

[Event "3rd Open"]
[Site "Tanta City EGY"]
[Date "2000.05.05"]
[Round "3"]
[White "Kalod,R"]
[Black "Dochev,D"]
[Result "1-0"]
[WhiteElo "2445"]
[BlackElo "2324"]

1.Nf3 Nf6 2.c4 d6 3.d4 g6 4.Nc3 Bg7 5.e4 O-O 6.Be2 e5 7.O-O Nc6 8.d5 Ne7
9.b4 Nh5 10.Qc2 a5 11.b5 b6 12.a4 h6 13.Ra3 Nf4 14.Bxf4 exf4 15.h4 Bg4 16.Qd2 Bxf3
17.Bxf3 g5 18.h5 Be5 19.Ne2 Kh8 20.Nd4 Ng8 21.Nc6 Qf6 22.Rd1 Ne7 23.c5 Nxc6
24.cxb6 Nd4 25.bxc7 Nxf3+ 26.gxf3 Qg7 27.b6 g4 28.Kf1 Rac8 29.fxg4 Qxg4 30.Qe2 Qd7
31.Qf3 f5 32.exf5 Rg8 33.f6 Bxf6 34.Qxf4 Bg7 35.Rg3 Rcf8 36.Qg4 Qf7 37.Rd2 Rc8
38.Rf3 Qe7 39.Re2 Be5 40.b7 Rxc7 41.Qxg8+ Kxg8 42.b8=Q+ Kg7 43.Rg3+  1-0

[Event "Cat IV Women"]
[Site "Banja Dvorovi YUG"]
[Date "2000.05.07"]
[Round "2"]
[White "Nestorovic,I"]
[Black "Ivanovic,J"]
[Result "1-0"]
[WhiteElo "2111"]
[BlackElo "2078"]

1.d4 Nf6 2.c4 g6 3.Nc3 Bg7 4.e4 d6 5.Nf3 O-O 6.Be2 e5 7.O-O Nc6 8.d5 Ne7
9.b4 Nh5 10.g3 f5 11.Ng5 Nf6 12.f3 h6 13.Ne6 Bxe6 14.dxe6 a5 15.bxa5 Rxa5
16.Qb3 b6 17.Bd2 Ra7 18.a4 Qc8 19.a5 bxa5 20.c5 fxe4 21.fxe4 Qb7 22.Qxb7 Rxb7
23.Rxa5 Rb2 24.Rd1 Nc6 25.Rb5 Rxb5 26.Bxb5 Nd4 27.e7 Rb8 28.Bc4+ Kh7 29.Bf7 dxc5
30.Nd5 Ne8 31.Ba5 Nc6 32.Nxc7 Nf6 33.Nd5 Ne8 34.Bd8 Nd6 35.Bc7 Rb7 36.Bxd6 Nxe7
37.Nxe7 Bf8 38.Nxg6 Bxd6 39.Rxd6 Rxf7 40.Nxe5 Rf8 41.Nd7 Rc8 42.Rd5 c4 43.Rc5 Rd8
44.Ne5 Re8 45.Kf2 Kg7 46.Ke3 c3 47.Nd3  1-0

[Event "ch-NED"]
[Site "Rotterdam NED"]
[Date "2000.05.08"]
[Round "2"]
[White "Van der Sterren,P"]
[Black "Nijboer,F"]
[Result "1-0"]
[WhiteElo "2526"]
[BlackElo "2540"]

1.c4 Nf6 2.Nc3 g6 3.e4 d6 4.d4 Bg7 5.Nf3 O-O 6.Be2 e5 7.O-O Nc6 8.d5 Ne7
9.Ne1 Nd7 10.Be3 f5 11.f3 f4 12.Bf2 g5 13.a4 Ng6 14.a5 Kh8 15.Nd3 Nf6 16.c5 h5
17.cxd6 cxd6 18.Nb5 g4 19.Bxa7 Nxd5 20.exd5 e4 21.fxg4 exd3 22.Qxd3 Qg5 23.Bd4 Ne5
24.Bxe5 Bxe5 25.gxh5 Bxb2 26.Ra2 Bf5 27.Qd2 Be5 28.Nd4 Bh3 29.Bf3 Qf6 30.Ne6 Rg8
31.Kh1 Bf5 32.Nxf4 Qh4 33.Ra4 Qg5 34.g3 Qh6 35.Be4 Bxe4+ 36.Rxe4  1-0

[Event "Israeli League"]
[Site "Ramat Aviv ISR"]
[Date "2000.05.12"]
[Round "11"]
[White "Kaganskiy,G"]
[Black "Tseitlin,Ma"]
[Result "0-1"]
[WhiteElo "2298"]
[BlackElo "2460"]

1.d4 Nf6 2.c4 g6 3.Nc3 Bg7 4.e4 d6 5.Be2 O-O 6.Nf3 e5 7.O-O Nc6 8.d5 Ne7
9.Ne1 Nd7 10.f3 f5 11.Be3 f4 12.Bf2 g5 13.b4 Rf6 14.c5 a6 15.c6 bxc6 16.dxc6 Nf8
17.a4 Kh8 18.b5 Rh6 19.Nd3 Ne6 20.Nb4 Nd4 21.Rb1 axb5 22.axb5 Qe8 23.g4 fxg3
24.Bxg3 Be6 25.Nbd5 Bxd5 26.Nxd5 Nxd5 27.exd5 Nf5 28.Qe1 e4 29.fxe4 Nxg3
30.Qxg3 Bd4+ 31.Kg2 Qxe4+ 32.Qf3 Qe5 33.h3 g4  0-1

[Event "Capablanca Mem Premier I"]
[Site "Varadero CUB"]
[Date "2000.05.12"]
[Round "5"]
[White "Blees,A"]
[Black "Almeida,O"]
[Result "1-0"]
[WhiteElo "2402"]
[BlackElo "2348"]

1.d4 Nf6 2.c4 g6 3.Nc3 Bg7 4.e4 d6 5.Nf3 O-O 6.Be2 e5 7.O-O Nc6 8.d5 Ne7
9.Nd2 c5 10.dxc6 bxc6 11.b4 d5 12.b5 d4 13.Na4 g5 14.Re1 Qc7 15.Bf1 Ng6 16.Nb3 g4
17.Bd2 h5 18.Na5 Bd7 19.Nc5 Be8 20.Na6 Qc8 21.Nb4 c5 22.Nd3 Qc7 23.Nb3 Nd7
24.Ba5 Qd6 25.f3 f5 26.exf5 Rxf5 27.fxg4 Rxf1+ 28.Rxf1 e4 29.gxh5 Nge5 30.Nf2 e3
31.Ne4 Qe7 32.Qe2 Bf7 33.Rac1 Bh6 34.Nexc5 Nxc5 35.Nxd4 Ncd3 36.Rc3 Qc5 37.Nf5 Bg5
38.Rxd3 Nxd3 39.Qxd3 e2+ 40.Rf2 Re8 41.Be1 Qe5 42.h4 Bf4 43.Qf3 Qxf5 44.Qxf4 Qxh5
45.a4 Bg6 46.a5 Qc5 47.Kh2 Kh7 48.Bd2 Qh5 49.Be1 Qc5 50.Qg4 Re4 51.Rf7+ Bxf7
52.Qxe4+ Kg8 53.Qg4+ Kf8 54.Qxe2 Bxc4 55.Qf3+ Bf7 56.Qg4 Bc4 57.b6 axb6 58.axb6  1-0

[Event "It"]
[Site "Sisak CRO"]
[Date "2000.05.17"]
[Round "1"]
[White "Sitnik,I"]
[Black "Biolek,R"]
[Result "0-1"]
[WhiteElo "2371"]
[BlackElo "2432"]

1.d4 Nf6 2.c4 g6 3.Nc3 Bg7 4.e4 O-O 5.Nf3 d6 6.Be2 e5 7.O-O Nc6 8.d5 Ne7
9.Ne1 Nd7 10.f3 f5 11.Be3 f4 12.Bf2 g5 13.Nd3 Ng6 14.c5 Nf6 15.a4 Rf7 16.a5 Bf8
17.a6 bxa6 18.Nb4 Rg7 19.Bxa6 g4 20.Nc6 Qe8 21.Bxc8 Qxc8 22.fxg4 Qxg4 23.Qxg4 Nxg4
24.cxd6 Nxf2 25.Rxf2 Bxd6 26.b4 Ne7 27.Rb2 Nxc6 28.dxc6 Rb8 29.Rab1 Kf7 30.Nd5 Ke6
31.Rb3 h5 32.Rh3 Rh7 33.Rbb3 Rb5 34.g4 h4 35.Kg2 a5 36.g5 axb4 37.Kf3 Rxd5
38.exd5+ Kf5 39.g6 e4+ 40.Ke2 Kxg6 41.Rb1 f3+  0-1

[Event "ch-TKM"]
[Site "Ashgabat TKM"]
[Date "2000.05.20"]
[Round "8"]
[White "Aliev,K"]
[Black "Temirov,M"]
[Result "1-0"]
[WhiteElo "2328"]
[BlackElo "2270"]

1.d4 Nf6 2.c4 g6 3.Nc3 Bg7 4.e4 d6 5.Nf3 O-O 6.Be2 e5 7.O-O Nc6 8.d5 Ne7
9.Ne1 Nd7 10.Be3 f5 11.f3 f4 12.Bf2 g5 13.Nb5 Nf6 14.Nxa7 Bd7 15.c5 Rxa7
16.cxd6 Nc8 17.Bxa7 Nxa7 18.dxc7 Qxc7 19.Qb3 Qc5+ 20.Kh1 Nh5 21.Nd3 Qd6 22.Kg1 Ng3
23.Rfe1 Nb5 24.Bd1 Qb6+ 25.Nf2 Nd4 26.Qxb6  1-0

[Event "Capablanca Mem Premier I"]
[Site "Varadero CUB"]
[Date "2000.05.21"]
[Round "12"]
[White "Blees,A"]
[Black "Garcia Martinez,S"]
[Result "1/2-1/2"]
[WhiteElo "2402"]
[BlackElo "2455"]

1.d4 Nf6 2.c4 g6 3.Nc3 Bg7 4.e4 d6 5.Nf3 O-O 6.Be2 e5 7.O-O Nc6 8.d5 Ne7
9.Nd2 a5 10.a3 Nd7 11.Rb1 f5 12.b4 axb4 13.axb4 Kh8 14.Qc2 Ng8 15.exf5 gxf5
16.f4 Ne7  1/2-1/2

[Event "Guillermo Garcia Premier I"]
[Site "Santa Clara CUB"]
[Date "2000.05.24"]
[Round "1"]
[White "Vera,R"]
[Black "Fiorito,F"]
[Result "0-1"]
[WhiteElo "2546"]
[BlackElo "2459"]

1.d4 Nf6 2.c4 g6 3.Nc3 Bg7 4.e4 d6 5.Be2 O-O 6.Nf3 e5 7.O-O Nc6 8.d5 Ne7
9.b4 a5 10.bxa5 Rxa5 11.Nd2 c5 12.a4 Nd7 13.Nb5 Ra6 14.Ra3 f5 15.exf5 gxf5
16.Nf3 Ng6 17.Ng5 Nf6 18.Qc2 Re8 19.f3 Nf8 20.Bd3 h6 21.Nh3 Qd7 22.Kh1 Ng6
23.g4 e4 24.fxe4 fxg4 25.Nf4 Nxf4 26.Rxf4 Qe7 27.Bb2 Nh5 28.Rf1 Rf8 29.e5 dxe5
30.d6 Rxf1+ 31.Bxf1 Qf6 32.Bg2 Nf4 33.Be4 Kh8 34.Qd2 Ne6 35.Ra1 Rxa4 36.Re1 Ng5
37.d7 Bxd7 38.Qxd7 Nxe4 39.Qc8+  0-1

[Event "Honra"]
[Site "Santo Antonio POR"]
[Date "2000.05.25"]
[Round "5"]
[White "Paulino,J"]
[Black "Gomes,Jo"]
[Result "1/2-1/2"]
[WhiteElo "2046"]
[BlackElo "2128"]

1.Nf3 Nf6 2.c4 g6 3.Nc3 Bg7 4.e4 d6 5.d4 O-O 6.Be2 e5 7.O-O Nc6 8.d5 Ne7
9.Ne1 Ne8 10.Be3 f5 11.f3 f4 12.Bf2 g5 13.b4 Rf7 14.c5 Bf8 15.Nd3 Ng6 16.a4 h5
17.a5 Rg7 18.b5 Nf6 19.c6 g4 20.cxb7 Bxb7 21.fxg4 hxg4 22.Bxg4 Nxg4 23.Qxg4 Bc8
24.Qe2 Qg5 25.Ne1 Bg4 26.Nf3 Qh5 27.Kh1 Rh7 28.Bg1 Nh4 29.Qf2 Nxf3 30.gxf3 Bh3
31.Qe2 Bxf1 32.Rxf1 Be7 33.Rf2 Kf7 34.Rg2 Bh4 35.Bf2 Bxf2 36.Qxf2 Rg8 37.Rxg8 Kxg8
38.a6 Rg7 39.Nb1 Rg3 40.Nd2 Rh3 41.Kg1 Qg6+ 42.Qg2 Qxg2+ 43.Kxg2 Rh6 44.Nc4 Kf7
45.Na5 Ke8 46.Nc6 Kd7 47.Nxa7 Rh8 48.Nc6 Kc8 49.Ne7+ Kb8 50.Nc6+ Ka8 51.Kg1 Rg8+
52.Kf2 Rg7 53.Kf1 Rh7 54.Kg2 Rh6 55.Kg1 Rg6+ 56.Kf2 Rg5 57.Kf1 Rh5 58.Kg2 Rh4
59.Kg1 Rh3 60.Kg2  1/2-1/2

[Event "zt3.2a"]
[Site "Vung Tau VIE"]
[Date "2000.05.26"]
[Round "6"]
[White "Pham Minh Hoang1"]
[Black "Surendorj,H"]
[Result "0-1"]
[WhiteElo "2397"]
[BlackElo "2214"]

1.c4 Nf6 2.Nc3 g6 3.d4 Bg7 4.e4 d6 5.Nf3 O-O 6.Be2 e5 7.O-O Nc6 8.d5 Ne7
9.Ne1 Nd7 10.Be3 f5 11.f3 f4 12.Bf2 g5 13.Nd3 Nf6 14.c5 Rf7 15.cxd6 cxd6
16.Nb5 a6 17.Na7 Bd7 18.Qb3 Qb8 19.Qb6 g4 20.Kh1 g3 21.Bg1 gxh2 22.Bf2 Nh5
23.Rac1 Rxa7 24.Qxa7 Ng3+ 25.Kxh2 Qxa7 26.Bxa7 Nxe2 27.Rc7 Bb5 28.Nf2 Ng6
29.Rxf7 Kxf7 30.Re1 Ng3 31.Rc1 Nh4 32.Rc7+ Kg6 33.Nh1 Nf1+ 34.Kh3 Bf6 35.Bf2 Ne3
36.Bxh4 Bxh4 37.Kxh4 Bf1 38.Nf2 Nxg2+ 39.Kh3 Ne1+ 40.Kh2 Nxf3+ 41.Kh1 h5
42.Rxb7 h4 43.Rb3 Nd2 44.Rc3 h3 45.Kg1 Bg2 46.Nxh3 Bxe4 47.Rc6 Bf5 48.Rxd6+ Kh5
49.Rd8 Bxh3 50.Rh8+ Kg4 51.d6 Nf3+ 52.Kf2 e4 53.Rg8+ Kh4 54.Re8 Ng5 55.Rh8+ Kg4
56.d7 e3+ 57.Ke2 Ne6 58.Re8 Nd4+ 59.Ke1 Nc6 60.b4 Kg3 61.Re7 Kg2 62.Rg7+ Kf3
63.a3 Ke4 64.Re7+ Kd3 65.Rh7 Be6 66.Rh6 Bxd7 67.Rd6+ Nd4 68.Rxd7 f3 69.a4 Kc4
70.Kf1 Nc2 71.Rc7+ Kb3 72.Re7 Kxa4 73.Re4 e2+  0-1

[Event "ch-CZE"]
[Site "Opava CZE"]
[Date "2000.05.28"]
[Round "7"]
[White "Kalod,R"]
[Black "Vokac,M"]
[Result "1-0"]
[WhiteElo "2445"]
[BlackElo "2504"]

1.Nf3 g6 2.c4 Bg7 3.Nc3 d6 4.d4 Nf6 5.e4 O-O 6.Be2 e5 7.O-O Nc6 8.d5 Ne7
9.b4 c6 10.a3 Kh8 11.Qb3 cxd5 12.cxd5 Neg8 13.a4 Ne8 14.a5 Bh6 15.Ra2 f5
16.Rc2 Bd7 17.Bd2 g5 18.Rfc1 g4 19.Bxh6 Nxh6 20.Nd2 Nf6 21.Nb5 Bxb5 22.Bxb5 fxe4
23.Nf1 Nf5 24.Rc7 Nd4 25.Qc4 Nh5 26.Rxb7 Qf6 27.Qc7 Ng7 28.Ba6 Qxf2+ 29.Kh1 Ndf5
30.Rc2 Qh4 31.Kg1 Qh6 32.Rc4 Ne3 33.Rxe4 Nxf1 34.Bxf1 Qf6 35.Qxg7+ Qxg7 36.Rxg7 Kxg7
37.Rxg4+ Kh6 38.Rh4+ Kg7 39.Bd3 Rac8 40.Rxh7+ Kg8 41.g3 Rf3 42.Be4 Re3 43.Bf5 Re2
44.Bxc8 Kxh7 45.b5 Rb2 46.Bd7 Kg6 47.h4 Kh5 48.Kf1 Rd2 49.Be6 Rc2 50.Bd7 Rb2
51.a6 Ra2 52.Ke1 e4 53.Kf1 e3 54.Ke1 Rb2 55.Kf1 Rf2+ 56.Ke1 Rg2 57.Bc8 Ra2
58.Bd7 Rb2 59.Kf1 Kg6 60.g4 Kf6 61.g5+ Ke5 62.g6 Rf2+ 63.Ke1 Rg2 64.b6 Ke4
65.Bb5 Kf3 66.Kd1 Rg1+ 67.Kc2 Rxg6 68.b7 Rg8 69.Kc3 Rh8 70.Bd3 Kf4 71.Kd4 Kf3
72.h5 Kf4 73.h6 Kf3 74.Kc4 e2 75.Bxe2+ Kxe2 76.Kb5 Kd3 77.Kc6 Kc4 78.Kc7 Rh7+
79.Kb8 Rxh6 80.Kxa7 Rh7 81.Kb6 Rh1 82.a7 Kxd5  1-0

[Event "ch-CZE"]
[Site "Opava CZE"]
[Date "2000.05.29"]
[Round "8"]
[White "Babula,V"]
[Black "Vokac,M"]
[Result "1-0"]
[WhiteElo "2573"]
[BlackElo "2504"]

1.d4 g6 2.c4 Bg7 3.e4 d6 4.Nc3 Nf6 5.Nf3 O-O 6.Be2 e5 7.O-O Nc6 8.d5 Ne7
9.b4 c6 10.dxc6 bxc6 11.Bg5 h6 12.Bxf6 Bxf6 13.Qd2 d5 14.Qxh6 dxe4 15.Rad1 Nf5
16.Rxd8 Nxh6 17.Rxf8+ Kxf8 18.Nxe4 Bg7 19.b5 Bd7 20.a4 Ke7 21.c5 Rb8 22.Rb1 f5
23.Nd6 e4 24.Nd2 Bc3 25.bxc6 Rb4 26.cxd7 Bxd2 27.Rd1 Bf4  1-0

[Event "Dutch Team Championships"]
[Site "Breda NED"]
[Date "2000.06.01"]
[Round "1"]
[White "Van Wely,L"]
[Black "Schebler,G"]
[Result "1-0"]
[WhiteElo "2646"]
[BlackElo "2477"]

1.d4 Nf6 2.c4 g6 3.Nc3 Bg7 4.e4 d6 5.Nf3 O-O 6.Be2 e5 7.O-O Nc6 8.d5 Ne7
9.b4 a5 10.Ba3 Nd7 11.bxa5 Rxa5 12.Bb4 Ra8 13.a4 Bh6 14.a5 f5 15.Bd3 Rf7
16.Re1 f4 17.Nb5 g5 18.c5 dxc5 19.Bc4 cxb4 20.d6 Ng6 21.dxc7 Qf8 22.Nd6 Nh8
23.Re2 b5 24.Ba2 Ra7 25.Rc2 Kg7 26.Bxf7 Nxf7 27.Nxc8 Qxc8 28.Qxd7 Qxd7 29.c8=Q Rxa5
30.Rac1 Qxc8 31.Rxc8 b3 32.Rb1 g4 33.Nh4 b2 34.Nf5+ Kg6 35.Rc2 Bf8 36.h3 gxh3
37.Rc6+ Kg5 38.Rxb2 b4 39.gxh3 Bc5 40.Kg2 Rb5  1-0

[Event "Open Victor Syre Mem"]
[Site "Issy Les Moulineaux FRA"]
[Date "2000.06.01"]
[Round "1"]
[White "Leuly,M"]
[Black "Te Llalemand,R"]
[Result "1/2-1/2"]
[WhiteElo "2121"]
[BlackElo "2340"]

1.d4 Nf6 2.c4 g6 3.Nc3 Bg7 4.e4 d6 5.Nf3 O-O 6.Be2 e5 7.O-O Nc6 8.d5 Ne7
9.Ne1 Nd7 10.Nd3 f5 11.Bd2 Nf6 12.f3 f4 13.c5 g5 14.cxd6 cxd6 15.Nf2 h5 16.h3 Rf7
17.Qc2 Bf8 18.Nb5 Ng6 19.Rfc1 g4 20.Nc7 Rb8 21.Ne6 Bxe6 22.dxe6 Rg7 23.fxg4 Nh4
24.Qb3 Kh8 25.Rc3 hxg4 26.hxg4 Nh5 27.Nh1 Be7 28.Rh3 Qg8 29.Qd1 Qxe6 30.Be1 Ng3
31.Nxg3 fxg3 32.Bxg3 Rh7 33.Rc1 Bg5 34.Rc3 Rd8 35.Qd5 Qe7 36.a4 Ng6 37.Rxh7+ Kxh7
38.Bc4 Bf4 39.Bxf4 Nxf4 40.Qd1 Kg6 41.Bf1 Rh8 42.g5 Qd8 43.a5 d5 44.exd5 Qxa5
45.Qd2 Kxg5 46.Qf2 Qxd5 47.Qxa7 Rh7 48.Qe3 Qd4 49.g3 Qxe3+ 50.Rxe3 Ng6 51.Bd3 Re7
52.Bxg6 Kxg6 53.Kf2 Kf5 54.Rb3 Ke4 55.Ke2 Rh7  1/2-1/2

[Event "Master Open"]
[Site "Lausanne SUI"]
[Date "2000.06.02"]
[Round "4"]
[White "Tukmakov,V"]
[Black "Hebden,M"]
[Result "1/2-1/2"]
[WhiteElo "2574"]
[BlackElo "2493"]

1.Nf3 Nf6 2.c4 g6 3.Nc3 Bg7 4.e4 d6 5.d4 O-O 6.Be2 e5 7.O-O Nc6 8.d5 Ne7
9.b4 Kh8 10.c5 Neg8 11.Nd2 Ne8 12.a4 f5 13.Ba3 fxe4 14.Ndxe4 Ngf6 15.b5 dxc5
16.Bxc5 Nd6 17.Bf3 Bf5 18.Re1 b6 19.Bb4 Nfxe4 20.Nxe4 Rf7 21.Rc1 Nxe4 22.Bxe4 Bxe4
23.Rxe4 Rd7 24.Qc2 a6 25.bxa6 Rxd5 26.Qxc7 Rxa6 27.Qxd8+ Rxd8 28.Be1 Kg8
29.Rc6 Rda8 30.Rcc4 b5 31.axb5 Rb6 32.Rc5 Rab8  1/2-1/2

[Event "FSIMA June"]
[Site "Budapest HUN"]
[Date "2000.06.03"]
[Round "1"]
[White "Rajlich,V"]
[Black "Farago,S"]
[Result "1-0"]
[WhiteElo "2309"]
[BlackElo "2271"]

1.d4 Nf6 2.c4 d6 3.Nc3 g6 4.e4 Bg7 5.Nf3 O-O 6.Be2 e5 7.O-O Nc6 8.d5 Ne7
9.b4 Nh5 10.Re1 Nf4 11.Bf1 c6 12.a4 a5 13.bxa5 Qxa5 14.Ra3 h6 15.dxc6 Nxc6
16.Nb5 Rd8 17.Bd2 Qb6 18.Be3 Qa5 19.Bd2 Qb6 20.Be3 Qa5 21.Nd2 Rd7 22.Nb3 Qd8
23.Qc1 g5 24.Rd1 b6 25.g3 Ne6 26.Bh3 Ba6 27.Qd2 Ne7 28.a5 bxa5 29.Qxa5 Bxb5
30.Qxa8 Bxc4 31.Bxe6 Bxe6 32.Nc5 Kh7 33.Nxd7 Qxd7 34.Ra7 Qb5 35.Rxe7 Qe2
36.Ra1 Qf3 37.Rxe6  1-0

[Event "IM"]
[Site "Stockholm SWE"]
[Date "2000.06.14"]
[Round "5"]
[White "Ahlander,B"]
[Black "Olsson,An"]
[Result "0-1"]
[WhiteElo "2434"]
[BlackElo "2222"]

1.d4 Nf6 2.c4 g6 3.Nc3 Bg7 4.e4 d6 5.Be2 O-O 6.Nf3 e5 7.O-O Nc6 8.d5 Ne7
9.Nd2 Ne8 10.b4 f5 11.c5 a5 12.Ba3 axb4 13.Bxb4 Kh8 14.Nc4 fxe4 15.Nxe4 Nf5
16.Bg4 Ra6 17.cxd6 cxd6 18.a4 Qh4 19.f3 Bd7 20.Ra3 Qe7 21.Re1 Nd4 22.Nexd6 Nxd6
23.Nxe5 Bxe5 24.Rae3 Bxa4 25.Qd2 Nb3 26.Qf2 Bd4 27.Rxe7 Bxf2+ 28.Kxf2 Nd4
29.Bc3 Nb5 30.Bb2 Bb3 31.R7e4 Ra2 32.R1e2 Kg8 33.Be6+ Nxe6 34.dxe6 Nd6 35.Rb4 Bd5
36.e7 Re8 37.Rd2 Nc4 38.Rxd5 Rxb2+ 39.Rxb2 Nxb2 40.Rb5 Nc4 41.Rxb7 Nd6 42.Rd7 Nf5
43.g4 Nxe7 44.Kg3 Kf7 45.h4 Ke6 46.Ra7 Rc8 47.Ra5 Rc3 48.h5 Nc6 49.Ra8 Nd4
50.hxg6 hxg6 51.Kf4 Nxf3 52.Ra6+ Kf7 53.g5 Nd4 54.Rf6+ Kg7 55.Rd6 Ne2+ 56.Kg4 Rc4+
57.Kf3 Nd4+ 58.Kg2 Nc6 59.Rd7+ Kf8 60.Kh3 Ne5 61.Ra7 Nf7 62.Ra5 Re4 63.Ra8+ Ke7
64.Ra7+ Kf8 65.Ra8+ Re8 66.Ra5 Re5 67.Ra7 Rxg5 68.Kh4 Rb5 69.Kg4 Rb4+  0-1